<?xml version='1.0' encoding='UTF-8'?>
  <record xmlns="http://www.loc.gov/MARC21/slim">
    <leader>00000cam a2200000 i 4500</leader>
    <controlfield tag="001">ocm03165333</controlfield>
    <controlfield tag="003">OCoLC</controlfield>
    <controlfield tag="005">20250902091359.5</controlfield>
    <controlfield tag="008">770806s1840    enka          000 0 eng d</controlfield>
    <datafield tag="040" ind1=" " ind2=" ">
      <subfield code="a">OCP</subfield>
      <subfield code="b">eng</subfield>
      <subfield code="c">OCP</subfield>
      <subfield code="d">OCLCQ</subfield>
      <subfield code="d">AU@</subfield>
      <subfield code="d">GBVCP</subfield>
      <subfield code="d">OCLCQ</subfield>
      <subfield code="d">OCLCF</subfield>
      <subfield code="d">OCLCQ</subfield>
      <subfield code="d">OCLCO</subfield>
      <subfield code="d">QGJ</subfield>
      <subfield code="d">UKMGB</subfield>
      <subfield code="d">OCLCQ</subfield>
      <subfield code="d">UKRIN</subfield>
      <subfield code="d">OCLCL</subfield>
      <subfield code="d">OCLCQ</subfield>
    </datafield>
    <datafield tag="016" ind1="7" ind2=" ">
      <subfield code="a">000439529</subfield>
      <subfield code="2">Uk</subfield>
    </datafield>
    <datafield tag="019" ind1=" " ind2=" ">
      <subfield code="a">221791853</subfield>
      <subfield code="a">1062974619</subfield>
      <subfield code="a">1283349564</subfield>
    </datafield>
    <datafield tag="029" ind1="1" ind2=" ">
      <subfield code="a">AU@</subfield>
      <subfield code="b">000011719045</subfield>
    </datafield>
    <datafield tag="029" ind1="1" ind2=" ">
      <subfield code="a">UKMGB</subfield>
      <subfield code="b">000439529</subfield>
    </datafield>
    <datafield tag="029" ind1="1" ind2=" ">
      <subfield code="a">ZWZ</subfield>
      <subfield code="b">018126758</subfield>
    </datafield>
    <datafield tag="035" ind1=" " ind2=" ">
      <subfield code="a">(OCoLC)3165333</subfield>
      <subfield code="z">(OCoLC)221791853</subfield>
      <subfield code="z">(OCoLC)1062974619</subfield>
      <subfield code="z">(OCoLC)1283349564</subfield>
    </datafield>
    <datafield tag="050" ind1=" " ind2="4">
      <subfield code="a">QE927.2</subfield>
      <subfield code="b">B786, 1840</subfield>
    </datafield>
    <datafield tag="080" ind1=" " ind2=" ">
      <subfield code="a">(422.3):551.781.41:561</subfield>
    </datafield>
    <datafield tag="080" ind1=" " ind2=" ">
      <subfield code="a">400</subfield>
    </datafield>
    <datafield tag="080" ind1=" " ind2=" ">
      <subfield code="a">551.781.41:561(422.3)</subfield>
    </datafield>
    <datafield tag="080" ind1=" " ind2=" ">
      <subfield code="a">561:551.781.41(422.3)</subfield>
    </datafield>
    <datafield tag="082" ind1="0" ind2="4">
      <subfield code="a">561.1942</subfield>
      <subfield code="b">1840</subfield>
    </datafield>
    <datafield tag="084" ind1=" " ind2=" ">
      <subfield code="a">13</subfield>
      <subfield code="2">ssgn</subfield>
    </datafield>
    <datafield tag="100" ind1="1" ind2=" ">
      <subfield code="a">Bowerbank, J. S.</subfield>
      <subfield code="q">(James Scott),</subfield>
      <subfield code="d">1797-1877.</subfield>
      <subfield code="1">https://id.oclc.org/worldcat/entity/E39PBJf4bKfDfgtgMkvcXt3CwC</subfield>
    </datafield>
    <datafield tag="245" ind1="1" ind2="2">
      <subfield code="a">A history of the fossil fruits and seeds of the London clay /</subfield>
      <subfield code="c">by James Scott Bowerbank, F.G.S., &amp;c. ; illustrated by numerous engravings on copper.</subfield>
    </datafield>
    <datafield tag="260" ind1=" " ind2=" ">
      <subfield code="a">London :</subfield>
      <subfield code="b">John Van Voorst,</subfield>
      <subfield code="c">1840.</subfield>
    </datafield>
    <datafield tag="300" ind1=" " ind2=" ">
      <subfield code="a">144 pages :</subfield>
      <subfield code="b">illustrations ;</subfield>
      <subfield code="c">25 cm</subfield>
    </datafield>
    <datafield tag="336" ind1=" " ind2=" ">
      <subfield code="a">text</subfield>
      <subfield code="b">txt</subfield>
      <subfield code="2">rdacontent</subfield>
    </datafield>
    <datafield tag="337" ind1=" " ind2=" ">
      <subfield code="a">unmediated</subfield>
      <subfield code="b">n</subfield>
      <subfield code="2">rdamedia</subfield>
    </datafield>
    <datafield tag="338" ind1=" " ind2=" ">
      <subfield code="a">volume</subfield>
      <subfield code="b">nc</subfield>
      <subfield code="2">rdacarrier</subfield>
    </datafield>
    <datafield tag="340" ind1=" " ind2=" ">
      <subfield code="m">8vo.</subfield>
      <subfield code="2">rdabf</subfield>
    </datafield>
    <datafield tag="650" ind1=" " ind2="0">
      <subfield code="a">Fruit, Fossil.</subfield>
    </datafield>
    <datafield tag="650" ind1=" " ind2="0">
      <subfield code="a">Seeds, Fossil.</subfield>
    </datafield>
    <datafield tag="650" ind1=" " ind2="7">
      <subfield code="a">Fruit, Fossil.</subfield>
      <subfield code="2">fast</subfield>
      <subfield code="0">(OCoLC)fst00935738</subfield>
    </datafield>
    <datafield tag="650" ind1=" " ind2="7">
      <subfield code="a">Seeds, Fossil.</subfield>
      <subfield code="2">fast</subfield>
      <subfield code="0">(OCoLC)fst01111176</subfield>
    </datafield>
    <datafield tag="758" ind1=" " ind2=" ">
      <subfield code="i">has work:</subfield>
      <subfield code="a">Part 1 (Text)</subfield>
      <subfield code="1">https://id.oclc.org/worldcat/entity/E39PCH4pP4X9bHBp99Tx6YCt4y</subfield>
      <subfield code="4">https://id.oclc.org/worldcat/ontology/hasWork</subfield>
    </datafield>
    <datafield tag="776" ind1="0" ind2="8">
      <subfield code="i">Online version:</subfield>
      <subfield code="a">Bowerbank, James Scott, 1797-1877.</subfield>
      <subfield code="t">History of the fossil fruits and seeds of the London clay.</subfield>
      <subfield code="d">London: John Van Voorst, 1840</subfield>
      <subfield code="w">(OCoLC)762117019</subfield>
    </datafield>
  </record>